MARC

LEADER 00000nam1a2200000 4500
001 311310
005 20231102002356.0
020 |a RU  |b 82-10427 
035 |a (RuTPU)RU\TPU\book\336667 
090 |a 311310 
100 |a 20151204d1982 km y0rusy5003 ca 
101 0 |a rus 
200 1 |a Титаномагнетиты и металлургия Урала  |f Ф. М. Елохин [и др.] 
210 |a Свердловск  |c Средне-Уральское кн. изд-во  |d 1982 
215 |a 144 с. 
300 |a Авт. указаны на обороте тит. л. 
320 |a Библиогр.: с. 143 
606 1 |a Титаномагнетиты  |x Переработка  |2 stltpush  |3 (RuTPU)RU\TPU\subj\60746  |9 77976 
606 1 |a Титаномагнетиты  |x Передел  |2 stltpush  |3 (RuTPU)RU\TPU\subj\60745  |9 77975 
610 1 |a переработка комплексная 
610 1 |a чугун природный легированный 
610 1 |a металлургия 
610 1 |a комплексное использование 
610 1 |a металлургическое сырье 
610 1 |a черная металлургия 
610 1 |a титаномагнетитивые руды 
610 1 |a титаномагнетитивые месторождения 
610 1 |a обогащение 
610 1 |a окускование 
610 1 |a доменная плавка 
610 1 |a ванадиевые шлаки 
610 1 |a эффективность процесса 
610 1 |a окатыши 
610 1 |a феррованадий 
610 1 |a Урал 
675 |a 669.187.5  |z rus  |v 3 
675 |a 669.295  |z rus  |v 3 
701 1 |a Елохин  |b Ф. М.  |g Федор Матвеевич 
701 1 |a Довгопол  |b В. И.  |g Виталий Иванович 
701 1 |a Медведев  |b А. А.  |g Александр Афонасьевич 
701 1 |a Рябов  |b А. К.  |g Анатолий Кондратьевич 
702 1 |a Елохин  |b Ф. М.  |g Федор Матвеевич  |4 070 
801 0 |a RU  |b RuMRKP  |c 19950704  |g psbo 
801 1 |a RU  |b 63413507  |c 20151204 
801 2 |a RU  |b 63413507  |c 20191014  |g RCR 
942 |c BK